Statistics for Flags of Crown Lands of Austria-Hungary

Click here to take the quiz!

General Stats

  • This quiz has been taken 169 times
  • The average score is 7 of 22

Answer Stats

Answer% Correct
Hungary
83%
Bohemia, Tyrol and Upper Austria
72%
Styria
50%
Salzburg
44%
Trieste
33%
Carniola
32%
Dalmatia
31%
Bosnia and Herzegovina
30%
Vorarlberg
29%
Carinthia
28%
Lower Austria
27%
Silesia
27%
Croatia
26%
Moravia
26%
Bukovina
25%
Slavonia
24%
Fiume
21%
Galicia and Lodomeria
18%
Istria
16%
Cracow
15%
Croatia-Slavonia
15%
Gorizia and Gradisca
14%

Score Distribution

Percentile by Number Answered

Percent of People with Each Score

Your Score History

You have not taken this quiz